| 000 | 01195nam0a22002651 4500 | ||
|---|---|---|---|
| 001 | rc\979451 | ||
| 005 | 20250622064322.0 | ||
| 035 | _a(NLR Aleph) 006147616 | ||
| 090 |
_a5728149 _c5728149 |
||
| 100 | _a20041129d1982 |||y0rusy50 ca | ||
| 101 | 0 | _arus | |
| 102 | _aRU | ||
| 105 | _aa ||||||||| | ||
| 200 | 1 |
_aФормы организации производства на предприятиях РЭП _eУчеб. пособие по курсу "Орг., планир. и упр. пр-вом" _fА.И. Канащенков, Н.А. Рогачев, Ю.М. Солдак, В.А. Соломин _gПод ред. Ю.М. Солдака |
|
| 210 |
_aРязань _cРяз. радиотехн. ин-т _d1982 |
||
| 215 |
_a68 с. _cил. _d20 |
||
| 300 | _aВ надзаг.: М-во высш. и сред. спец. образования РСФСР, Ряз. радиотехн. ин-т | ||
| 320 | _aБиблиогр.: с. 67-68 | ||
| 701 | 1 |
_aКанащенков _bА.И. _gАнатолий Иванович |
|
| 702 | 1 |
_aСолдак _bЮ.М. _gЮрий Максимович _4340 |
|
| 801 | 0 |
_aRU _bNLR _gpsbo |
|
| 801 | 1 |
_aRU _bELAR _2rusmarc |
|
| 852 |
_aNLR _j84-4/14397 |
||
| 942 | _cBOOK | ||
| 980 | _aNB | ||